| 000 | 00388nam a2200145Ia 4500 | ||
|---|---|---|---|
| 008 | 220204s9999 xx 000 0 und d | ||
| 082 |
_a631/635 _bADV.54 |
||
| 245 | 0 | _aAdvances in agronomy V54 | |
| 260 |
_aNew York _bAcademic press _c1995 |
||
| 650 | _aHerbicide resistant crops | ||
| 650 | _aLentil breeding | ||
| 650 | _aMicrobial ecology | ||
| 700 | _aSparks, Donald L | ||
| 942 | _cBK | ||
| 999 |
_c40862 _d40862 |
||